|
|
|
|
| LEADER |
03016nam a2200457 4500 |
| 001 |
978-981-13-6954-4 |
| 003 |
DE-He213 |
| 005 |
20190618011802.0 |
| 007 |
cr nn 008mamaa |
| 008 |
190502s2019 si | s |||| 0|eng d |
| 020 |
|
|
|a 9789811369544
|9 978-981-13-6954-4
|
| 024 |
7 |
|
|a 10.1007/978-981-13-6954-4
|2 doi
|
| 040 |
|
|
|d GrThAP
|
| 050 |
|
4 |
|a QA611-614.97
|
| 072 |
|
7 |
|a PBP
|2 bicssc
|
| 072 |
|
7 |
|a MAT038000
|2 bisacsh
|
| 072 |
|
7 |
|a PBP
|2 thema
|
| 082 |
0 |
4 |
|a 514
|2 23
|
| 100 |
1 |
|
|a Singh, Tej Bahadur.
|e author.
|4 aut
|4 http://id.loc.gov/vocabulary/relators/aut
|
| 245 |
1 |
0 |
|a Introduction to Topology
|h [electronic resource] /
|c by Tej Bahadur Singh.
|
| 250 |
|
|
|a 1st ed. 2019.
|
| 264 |
|
1 |
|a Singapore :
|b Springer Singapore :
|b Imprint: Springer,
|c 2019.
|
| 300 |
|
|
|a XIX, 452 p. 93 illus.
|b online resource.
|
| 336 |
|
|
|a text
|b txt
|2 rdacontent
|
| 337 |
|
|
|a computer
|b c
|2 rdamedia
|
| 338 |
|
|
|a online resource
|b cr
|2 rdacarrier
|
| 347 |
|
|
|a text file
|b PDF
|2 rda
|
| 505 |
0 |
|
|a Chapter 1. Topological Spaces -- Chapter 2. Continuity and Products -- Chapter 3. Connectedness -- Chapter 4. Convergence -- Chapter 5. Countability axioms -- Chapter 6. Compactness -- Chapter 7. Topological Constructions -- Chapter 8. Separation Axioms -- Chapter 9. Paracompactness and Metrisability -- Chapter 10. Completeness -- Chapter 11. Function Spaces -- Chapter 12. Topological Groups -- Chapter 13. Transformation Groups -- Chapter 14. The fundamental Group -- Chapter 15. Covering Spaces.
|
| 520 |
|
|
|a Topology is a large subject with several branches, broadly categorized as algebraic topology, point-set topology, and geometric topology. Point-set topology is the main language for a broad range of mathematical disciplines, while algebraic topology offers as a powerful tool for studying problems in geometry and numerous other areas of mathematics. This book presents the basic concepts of topology, including virtually all of the traditional topics in point-set topology, as well as elementary topics in algebraic topology such as fundamental groups and covering spaces. It also discusses topological groups and transformation groups. When combined with a working knowledge of analysis and algebra, this book offers a valuable resource for advanced undergraduate and beginning graduate students of mathematics specializing in algebraic topology and harmonic analysis.
|
| 650 |
|
0 |
|a Topology.
|
| 650 |
|
0 |
|a Functional analysis.
|
| 650 |
1 |
4 |
|a Topology.
|0 http://scigraph.springernature.com/things/product-market-codes/M28000
|
| 650 |
2 |
4 |
|a Functional Analysis.
|0 http://scigraph.springernature.com/things/product-market-codes/M12066
|
| 710 |
2 |
|
|a SpringerLink (Online service)
|
| 773 |
0 |
|
|t Springer eBooks
|
| 776 |
0 |
8 |
|i Printed edition:
|z 9789811369537
|
| 776 |
0 |
8 |
|i Printed edition:
|z 9789811369551
|
| 776 |
0 |
8 |
|i Printed edition:
|z 9789811369568
|
| 856 |
4 |
0 |
|u https://doi.org/10.1007/978-981-13-6954-4
|z Full Text via HEAL-Link
|
| 912 |
|
|
|a ZDB-2-SMA
|
| 950 |
|
|
|a Mathematics and Statistics (Springer-11649)
|